000 01243nam a22002177a 4500
003 OSt
005 20250220155426.0
008 250220b ||||| |||| 00| 0 spa d
020 _a9788420674360
040 _cCO-Mq BPB
041 _aspa
082 _aAN
_bHESd
100 _aHesse, Hermann
_eautor
245 _aDemian:
_bHistoria de la Juventud de Emil Sinclair
264 _aMadrid, España;
_bAlianza editorial
_c2023
300 _a187 páginas;
_bTapa rustica,
_c18 cm
521 _aEscrita tras las trágicas experiencias de la gran guerra, Demian es una de las obras más emblemáticas de Hermann Hesse (1877-1962). La novela en la que late la repulsa de la sociedad burguesa y masificada y el llamamiento a los elegidos (los que llevan en su frente el -estigma de Caín-) para conquistar la autenticidad y emprender la reconstrucción comunitaria de la humanidad narra, como reza su subtítulo, la -historia de la juventud- de Emil Sinclair, quien, en ruptura con el mundo claro y seguro de su infancia, va a la busca de su personalidad y de su destino, sólo realizables en el mundo oscuro, incierto y amenazador de los adultos
650 _aLiteratura alemana
700 _aDieterich, Genoveva
_etraductora
942 _2ddc
_cBKLIT
999 _c15817
_d15817